MARC

LEADER 00000nam0a2200000 4500
001 304333
005 20231102001706.0
020 |a RU  |b 83-16120 
035 |a (RuTPU)RU\TPU\book\329580 
090 |a 304333 
100 |a 20150914d1983 km y0rusy5003 ca 
101 0 |a rus 
102 |a RU 
105 |a y z 001zy 
200 1 |a Диалектика развития математического знания. Закономерности эволюции способа систематизации  |f А. Г. Барабашев 
210 |a Москва  |c Изд-во Московского ун-та  |d 1983 
215 |a 166 с. 
225 1 |a Диалектический материализм 
320 |a Библиография в ссылках. 
606 1 |a Естествознание  |x Философские проблемы  |2 stltpush  |3 (RuTPU)RU\TPU\subj\39118  |9 59321 
606 1 |a Основания математики  |2 stltpush  |3 (RuTPU)RU\TPU\subj\47586  |9 66508 
610 1 |a математическая наука 
610 1 |a философские проблемы 
610 1 |a математика 
610 1 |a математическое знание 
610 1 |a систематизация 
610 1 |a эволюция 
610 1 |a практика 
610 1 |a взаимосвязи 
610 1 |a переход 
675 |a 510.2  |z rus  |v 3 
686 |a Ю252:5  |2 rubbk 
700 1 |a Барабашев  |b А. Г.  |g Алексей Георгиевич  |4 070 
801 0 |a RU  |b RuMRKP  |c 19950704  |g psbo 
801 1 |a RU  |b 63413507  |c 20150914 
801 2 |a RU  |b 63413507  |c 20180620  |g RCR 
942 |c BK